000 00529nam a2200193Ia 4500
008 131103s9999 xx 000 0 und d
040 _aLoreto College
041 _aEnglish
082 _a954/WIL
_bLCBED/4142
100 _aWilson, Horace Hayman
245 4 _aThe history of British India
_cHorace Hayman Wilson
260 _aLondon
_bJames Madden
_c[19?]
300 _axv,436p.
_c 17cm.
504 _aIncludes appendix
650 _aHistory - India
651 _aIndia - History
850 _aLCBED/954/WIL
942 _cBK
999 _c28953
_d79432